000 01191naa a22002657a 4500
001 BR9504321
003 BR-BrBNA
005 20250721155533.0
007 ta
008 250630b bl.|||m| |||| 00| 0 por d
040 _aBR-BrBNA
_bpor
_cBiblioteca Nacional de Agricultura
041 _a(Pt)
072 _aP34
_b3920
090 _aP34 BR9504321
100 1 _aMoreira, F.M.S.
245 1 _aFixacao biologica do nitrogenio em especies arboreas
500 _aMicrorganismos de importancia agricola Araujo, R.S.Hungria, M.(eds.) Brasilia, DF (Brasil): EMBRAPA/SPI, 1994. p. 121-149 [5 graphs; 6 tables; Bibliography p. 141-149 (141 ref.)] (BR9504321-AMS)
773 0 _tMicrorganismos de importancia agricola
_aAraujo, R.S.; Hungria, M.(eds.). Centro Nacional de Pesquisa de Arroz e Feijao, Goiania, GO (Brasil)Centro Nacional de Pesquisa de Soja, Londrina, PR (Brasil)
_wP34 BR9504321
_gBrasilia, DF (Brasil), 1994. p. 121-149
650 _aRhizobium
650 _aSimbiose
650 _aFixacao de Nitrogenio
490 _aDocumentos - Centro Nacional de Pesquisa de Arroz e Feijao (Brazil)
_vno. 44
_xISSN 0101-9716
942 _cAMS
_2AGRIS
909 _a202506
_bLúcia
_c55
_dLúcia Elande
999 _c337087
_d337087